[Event "PNWCC Thanksgiving op"]
[Site "Chess.com INT"]
[Date "2020.11.29"]
[Round "8"]
[White "Yang, Maxwell"]
[Black "Ji, Yuze Luke"]
[Result "1-0"]
[WhiteElo "1075"]
[BlackElo "1337"]
[PlyCount "157"]
[EventDate "2020.11.27"]
[EventType "swiss (rapid)"]
[EventRounds "9"]
[EventCountry "USA"]
[SourceTitle "CBM 199 Extra"]
[Source "ChessBase"]
[SourceDate "2021.01.31"]
[SourceVersion "1"]
[SourceVersionDate "2021.01.31"]
[SourceQuality "1"]

1. e4 c5 2. Nf3 d6 3. d4 cxd4 4. Nxd4 Nf6 5. Nc3 a6 6. Bc4 Nbd7 7. Be3 Qc7 8. Bb3 e6 9. f3 Nc5 10. Qd2 Be7 11. 0-0-0 b5 12. g4 Bd7 13. h4 Rc8 14. g5 Nh5 15. Rhg1 b4 16. Nb1 a5 17. Qe2 Kf8 18. Nd2 a4 19. Bc4 e5 20. Nb5 Bxb5 21. Bxb5 b3 22. axb3 axb3 23. c3 Qa5 24. Bxc5 Rxc5 25. Bc4 Nf4 26. Qf1 Qa1+ 27. Nb1 Qa4 28. Bd3 Qd4 29. Rd2 Qe3 30. Kd1 h6 31. Na3 Ra5 32. Rh1 hxg5 33. h5 g4 34. fxg4 Bg5 35. Bc4 d5 36. exd5 Nxd5 37. Rhh2 Qxd2+ 38. Rxd2 Ne3+ 39. Ke2 Nxf1 40. Rd7 Ne3 41. Rxf7+ Ke8 42. Bxb3 Rh7 43. Rb7 Nxg4 44. Bf7+ Kd8 45. Nc4 Rc5 46. Nb6 Nf6 47. Bg6 Rh6 48. Rxg7 Rc7 49. Bf7 Ne8 50. Rxg5 Rxf7 51. b4 Re7 52. Nd5 Rd7 53. Rxe5 Nf6 54. Nf4 Re7 55. Ne6+ Kd7 56. Nc5+ Ke8 57. Ne6 Ng4 58. Ng7+ Kf8 59. Rxe7 Kxe7 60. Nf5+ Kd7 61. Nxh6 Nxh6 62. Ke3 Kc6 63. Kf4 Kb5 64. Kg5 Nf7+ 65. Kf6 Nh6 66. Kg6 Ng4 67. h6 Nxh6 68. Kxh6 Kc4 69. Kg5 Kb5 70. Kf5 Kc4 71. Ke5 Kxc3 72. b5 Kb4 73. b6 Kb5 74. b7 Kb6 75. b8Q+ Kc6 76. Qd6+ Kb5 77. Kd4 Ka5 78. Kc4 Ka4 79. Qb4# 1-0

[Event "PNWCC Online Masters Artist Point"]
[Site "Chess.com INT"]
[Date "2020.09.07"]
[Round "9"]
[White "Ji, Yuze Luke"]
[Black "Harish, Neeraj"]
[Result "1-0"]
[WhiteElo "1337"]
[BlackElo "1472"]
[PlyCount "75"]
[EventDate "2020.09.05"]
[EventType "swiss"]
[EventRounds "9"]
[EventCountry "USA"]
[SourceTitle "CBM 198 Extra"]
[Source "ChessBase"]
[SourceDate "2020.11.30"]
[SourceVersion "1"]
[SourceVersionDate "2020.11.30"]
[SourceQuality "1"]

1. e4 c5 2. Nf3 Nc6 3. d4 cxd4 4. Nxd4 Nf6 5. Nc3 e5 6. Ndb5 d6 7. Bg5 a6 8. Na3 b5 9. Bxf6 gxf6 10. Nd5 Bg7 11. g3 f5 12. Bg2 fxe4 13. Bxe4 0-0 14. Nb4 Nxb4 15. Bxa8 Bh3 16. Bd5 e4 17. Rb1 Qg5 18. Bb3 Re8 19. Qe2 Bg2 20. Rg1 Bf3 21. Qe3 Qh5 22. h4 Bh6 23. g4 Qxh4 24. g5 Bg7 25. g6 hxg6 26. Rxg6 Kf8 27. Rxg7 Kxg7 28. Qd4+ Qf6 29. Qxb4 e3 30. Qc3 exf2+ 31. Kxf2 Re2+ 32. Kf1 b4 33. Qxf6+ Kxf6 34. Nc4 Rh2 35. Re1 d5 36. Re3 dxc4 37. Rxf3+ Kg5 38. Bxc4 1-0

[Event "PNWCC Online Masters Artist Point"]
[Site "Chess.com INT"]
[Date "2020.09.07"]
[Round "8"]
[White "Yang, Maxwell"]
[Black "Ji, Yuze Luke"]
[Result "1/2-1/2"]
[WhiteElo "1075"]
[BlackElo "1337"]
[PlyCount "79"]
[EventDate "2020.09.05"]
[EventType "swiss"]
[EventRounds "9"]
[EventCountry "USA"]
[SourceTitle "CBM 198 Extra"]
[Source "ChessBase"]
[SourceDate "2020.11.30"]
[SourceVersion "1"]
[SourceVersionDate "2020.11.30"]
[SourceQuality "1"]

1. Nf3 d6 2. e4 c5 3. d4 cxd4 4. Nxd4 Nf6 5. Nc3 a6 6. Bc4 Nbd7 7. 0-0 Qc7 8. Bb3 e6 9. Be3 b5 10. Re1 Nc5 11. Bg5 Be7 12. f4 0-0 13. e5 dxe5 14. fxe5 Ne8 15. Bxe7 Qxe7 16. Ne4 Bb7 17. Nxc5 Qxc5 18. Kh1 Rd8 19. c3 b4 20. Qc2 bxc3 21. bxc3 Nc7 22. Rad1 Bd5 23. Re3 Bxb3 24. axb3 Nd5 25. Rh3 h6 26. Rg3 Nb4 27. Qe2 Nd5 28. Qd2 Ne7 29. Qe2 Nf5 30. Nxf5 Rxd1+ 31. Qxd1 exf5 32. Qd4 Qa5 33. h3 Rd8 34. Qe3 Rd1+ 35. Kh2 Qa1 36. Rf3 Rh1+ 37. Kg3 Qe1+ 38. Qxe1 Rxe1 39. Rxf5 Re3+ 40. Rf3 1/2-1/2

[Event "PNWCC Online Masters Artist Point"]
[Site "Chess.com INT"]
[Date "2020.09.06"]
[Round "4"]
[White "Ji, Yuze Luke"]
[Black "Maiti, Milind"]
[Result "0-1"]
[WhiteElo "1337"]
[BlackElo "2068"]
[PlyCount "86"]
[EventDate "2020.09.05"]
[EventType "swiss"]
[EventRounds "9"]
[EventCountry "USA"]
[SourceTitle "CBM 198 Extra"]
[Source "ChessBase"]
[SourceDate "2020.11.30"]
[SourceVersion "1"]
[SourceVersionDate "2020.11.30"]
[SourceQuality "1"]

1. e4 c5 2. Nf3 e6 3. d4 cxd4 4. Nxd4 Nc6 5. Nc3 Qc7 6. g3 a6 7. Bg2 d6 8. Nxc6 bxc6 9. 0-0 Nf6 10. Re1 e5 11. h3 Be7 12. f4 exf4 13. Bxf4 Nd7 14. Qe2 Ne5 15. Na4 0-0 16. b3 Be6 17. Nb2 Bf6 18. Rad1 a5 19. Nd3 a4 20. Nxe5 dxe5 21. Be3 axb3 22. cxb3 Be7 23. Rc1 Ra3 24. Rc2 Rfa8 25. Rec1 Qb7 26. Qf2 h6 27. g4 R8a5 28. Bb6 Ra6 29. Be3 Ra8 30. Bc5 Bxc5 31. Qxc5 Rxa2 32. Qxe5 Qxb3 33. Qc3 Rxc2 34. Rxc2 Qb1+ 35. Rc1 Qb6+ 36. Qc5 Qb2 37. Rc2 Ra1+ 38. Kh2 Qb1 39. Rc3 Ra2 40. Qg1 Qxe4 41. Kh1 Rxg2 42. Qxg2 Qe1+ 43. Qg1 Qxc3 0-1

[Event "PNWCC Online Masters WOO"]
[Site "Chess.com INT"]
[Date "2020.07.06"]
[Round "8"]
[White "Harish, Neeraj"]
[Black "Ji, Yuze Luke"]
[Result "1/2-1/2"]
[WhiteElo "1472"]
[BlackElo "1337"]
[PlyCount "138"]
[EventDate "2020.07.04"]
[EventType "swiss (rapid)"]
[EventRounds "9"]
[EventCountry "USA"]
[SourceTitle "CBM 197 Extra"]
[Source "ChessBase"]
[SourceDate "2020.09.30"]
[SourceVersion "1"]
[SourceVersionDate "2020.09.30"]
[SourceQuality "1"]

1. e4 c5 2. Nf3 Nc6 3. d4 cxd4 4. Nxd4 Nf6 5. Nc3 e5 6. Ndb5 d6 7. Bg5 a6 8. Na3 b5 9. Nd5 Be7 10. Bxf6 Bxf6 11. c4 b4 12. Nc2 a5 13. Qf3 Bg5 14. h4 Bh6 15. g4 f6 16. g5 fxg5 17. Qh5+ Kf8 18. Qf3+ Kg8 19. c5 g4 20. Qb3 Be6 21. Bc4 Kf7 22. Nb6 Qf6 23. Bxe6+ Qxe6 24. Qxe6+ Kxe6 25. Nxa8 Rxa8 26. cxd6 Kxd6 27. 0-0 Kc5 28. Rfd1 Nd4 29. Nxd4 exd4 30. Rd3 Re8 31. Re1 Bf4 32. b3 Re5 33. Re2 Rh5 34. Rc2+ Kb6 35. Rxd4 g3 36. fxg3 Be3+ 37. Kg2 Bxd4 38. Kh3 Re5 39. Re2 Kc5 40. Kg4 Bc3 41. Kf4 Kd4 42. g4 Re8 43. Kf5 g6+ 44. Kf4 Kd3 45. Re3+ Kd2 46. e5 Rxe5 47. Rxe5 Bxe5+ 48. Kxe5 Kc2 49. Kf6 Kb2 50. Kg7 Kxa2 51. Kxh7 Kxb3 52. h5 Kc3 53. hxg6 b3 54. g7 b2 55. g8Q b1Q+ 56. Kh6 Qb6+ 57. Kh5 a4 58. g5 a3 59. g6 Qc5+ 60. Kh6 Qe3+ 61. Kh7 Qh3+ 62. Kg7 Qd7+ 63. Qf7 Qd4+ 64. Kh7 Qh4+ 65. Kg8 Qd8+ 66. Kh7 Qh4+ 67. Kg7 Qd4+ 68. Kg8 Qd8+ 69. Kg7 Qd4+ 1/2-1/2

[Event "PNWCC Online Masters WOO"]
[Site "Chess.com INT"]
[Date "2020.07.04"]
[Round "2.59"]
[White "Altman, Joshua"]
[Black "Ji, Yuze Luke"]
[Result "1-0"]
[WhiteElo "1926"]
[BlackElo "1337"]
[PlyCount "63"]
[EventDate "2020.07.04"]
[EventType "swiss (rapid)"]
[EventRounds "9"]
[EventCountry "USA"]
[SourceTitle "CBM 197 Extra"]
[Source "ChessBase"]
[SourceDate "2020.09.30"]
[SourceVersion "1"]
[SourceVersionDate "2020.09.30"]
[SourceQuality "1"]

1. d4 Nf6 2. c4 g6 3. Nc3 Bg7 4. Nf3 0-0 5. Bg5 d6 6. e3 Nbd7 7. Be2 c5 8. d5 h6 9. Bh4 Ne8 10. Nd2 f5 11. f4 Nef6 12. Qc2 Nb6 13. a4 e5 14. 0-0 Bd7 15. fxe5 dxe5 16. Bg3 Ne8 17. Nb3 Rc8 18. a5 Na8 19. Rad1 Nd6 20. Bf2 Kh7 21. e4 f4 22. Bxc5 Rf6 23. Bxd6 Rxd6 24. c5 Rf6 25. a6 b6 26. c6 Be8 27. Nb5 Nc7 28. Nxa7 Ra8 29. Nb5 Nxa6 30. Bg4 Nc7 31. Nxc7 Qxc7 32. Ra1 1-0